Normal view
MARC view
- Israel, Reuben
Entry Personal Name
001 - CONTROL NUMBER
- control field: 6922
003 - CONTROL NUMBER IDENTIFIER
- control field: OSt
005 - DATE AND TIME OF LATEST TRANSACTION
- control field: 20250110145619.0
008 - FIXED-LENGTH DATA ELEMENTS
- fixed length control field: 250110|| aca||aabn | a|a d
040 ## - CATALOGING SOURCE
- Original cataloging agency: OSt
- Transcribing agency: OSt
100 ## - HEADING--PERSONAL NAME
- Personal name: Israel, Reuben
670 ## - SOURCE DATA FOUND
- Source citation: Work cat.: (OSt)19012: Govt of India, Department of Labour, Ministry of Labour and Rehabilitation 6921, Training Manual for Industrial Training Institutes and Centres., 1985.
